000 00579nam a22002297a 4500
003 UA-OsUOA
001 50014
007 ta
008 20071018b un ||||| |||| 00| 0 ukr d
090 _a101(075.8)
_bФ56
942 _cBK
040 _aUA-OsUOA
_bukr
_cUA-OsUOA
_dUA-OsUOA
245 _aФілософія
_bНавчальний посібник
300 _a534 с.
955 _a2
041 _aukr
080 _a101(075.8)
020 _a966-7131-86-6
260 _aК.
_bЗнання
_c2006
650 7 _a1 Філософські науки
_2UDC
999 _c336109
_d336109